00337nam a2200133Ia 4500008004100000041000800041082001700049100001600066245002900082250001400111260003600125300003300161365000900194240624s9999 xx 000 0 und d aeng a658.4022 LEV aLEVI DANIEL aGROUP DYNAMICS FOR TEAMS a(3rd ed.) c2011aLondonbSage Publications axxiii, : 366 : p. : cm. ; 23 cb30